000 01194nam a2200361 a 4500
001 000108081
003 CHAP
005 20220329143956.0
008 131204s2011 enkaj |r| ||||||eng d
010 _a104543
011 _a105515
020 _a9781578087198
040 _cCHAP
082 0 4 _a585.2
_bG32
245 1 0 _aGenetics, genomics, and breeding of conifers /
_ceditado por Christophe Plomion, Jean Bousquet, Chittaranjan Kole.
260 _aJersey, British Isles :
_bCRC Press,
_c2011.
300 _axxvii, 456 p.
490 1 _aGenetics, genomics and breeding of crop plants
504 _aIncluye bibliografía e índice
590 _aBATCH-UPD
_b05
_c20131204
_lUCH01
_h0956
590 _aE5995AHE
_b05
_c20131204
_lUCH01
_h0955
650 1 4 _aConiferas
_xGenética.
_9124891
650 1 4 _aConíferas
_xSemilla.
_927247
650 1 4 _aPlantas cultivadas.
_988921
650 1 4 _aPlantas
_xReproducción.
_988879
700 1 _aBousquet, Jean
_e, ed.
_9124887
700 1 _aKole, Chittaranjan
_e, ed.
_9124862
700 1 _aPlomion, Christophe
_e, ed.
_9124886
830 0 0 _aGenetics, genomics and breeding of crop plants
_9124888
901 _aBK
942 _cLIBRO
942 _n0
999 _c104543
_d104543